| 000 | 00389pab a2200157 454500 | ||
|---|---|---|---|
| 008 | 180718b1990 xxu||||| |||| 00| 0 eng d | ||
| 100 | _aNarasimhan, Gita | ||
| 245 | _aAttitudes towards women managers | ||
| 260 | _c1990 | ||
| 300 | _a2451-2 | ||
| 362 | _a3 Nov. | ||
| 650 | _aWomen As Executives | ||
| 700 | _aLalitha Iyer | ||
| 773 | _aEconomic and Political Weekly | ||
| 909 | _a21272 | ||
| 999 |
_c21272 _d21272 |
||